SQL Reference, Release 3 (8.1.7) - (E-BOOK) (Record no. 191306)
[ view plain ]
| 000 -LEADER | |
|---|---|
| fixed length control field | 00862 a2200169 4500 |
| 003 - CONTROL NUMBER IDENTIFIER | |
| control field | Nust |
| 005 - DATE AND TIME OF LATEST TRANSACTION | |
| control field | 20170207154013.0 |
| 040 ## - CATALOGING SOURCE | |
| Transcribing agency | Nust |
| 082 ## - DEWEY DECIMAL CLASSIFICATION NUMBER | |
| Classification number | 005.133 |
| 100 ## - MAIN ENTRY--PERSONAL NAME | |
| Personal name | Lorentz, Diana |
| 245 ## - TITLE STATEMENT | |
| Title | SQL Reference, Release 3 (8.1.7) - (E-BOOK) |
| Statement of responsibility, etc. | Diana Lorentz |
| 260 ## - PUBLICATION, DISTRIBUTION, ETC. | |
| Place of publication, distribution, etc. | New York |
| Name of publisher, distributor, etc. | Oracle Co. |
| Date of publication, distribution, etc. | 1999 |
| 300 ## - PHYSICAL DESCRIPTION | |
| Extent | 1172 p. |
| 505 ## - FORMATTED CONTENTS NOTE | |
| Formatted contents note | Introduction (Page-27) Basic Elements of Oracle SQL (Page-33) Operators (Page-127) Functions (Page-143) Expressions, Conditions, and Queries (Page-273) About SQL Statements (Page-303) SQL Statements: ALTER CLUSTER to ALTER SYSTEM (Page-325) SQL Statements: ALTER TABLE to constraint_clause (Page-479) SQL Statements: CREATE CLUSTER to CREATE SEQUENCE (Page-639) SQL Statements: CREATE SYNONYM to DROP ROLLBACK SEGMENT (Page-799) SQL Statements: DROP SEQUENCE to UPDATE (Page-957) |
| 650 ## - SUBJECT ADDED ENTRY--TOPICAL TERM | |
| Topical term or geographic name entry element | SQL |
| 651 ## - SUBJECT ADDED ENTRY--GEOGRAPHIC NAME | |
| Geographic name | E-BOOK |
| 942 ## - ADDED ENTRY ELEMENTS (KOHA) | |
| Source of classification or shelving scheme | |
| Koha item type | Book |
| Withdrawn status | Lost status | Source of classification or shelving scheme | Damaged status | Not for loan | Collection code | Permanent Location | Current Location | Date acquired | Total Checkouts | Full call number | Barcode | Date last seen | Price effective from | Koha item type |
|---|---|---|---|---|---|---|---|---|---|---|---|---|---|---|
| Military College of Signals (MCS) | Military College of Signals (MCS) | 12/12/2016 | 005.133 LOR | MCSEB-94 | 12/08/2016 | 12/12/2016 | Book |
